000 00581cam a2200145 4500500
005 20260208002353.0
041 _afre
042 _adc
100 1 0 _aFormoso, Bernard
_eauthor
245 0 0 _aJosiane Cauquelin, The Aborigines of Taiwan. The Puyuma: From Headhunting to the Modern World, London-New York, Routledge Curzon, 2004, 277 p., index, ill., fig., cartes
260 _c2005.
500 _a14
786 0 _nL'Homme | 175-176 | 3 | 2005-07-01 | p. 475y-572y | 0439-4216
856 4 1 _uhttps://shs.cairn.info/revue-l-homme-2005-3-page-475y?lang=fr&redirect-ssocas=7080
999 _c1645994
_d1645994